Tribhuvan University Central Library

Our social studies (Record no. 95986)

MARC details
000 -LEADER
fixed length control field 00534nam a22002057a 4500
008 - FIXED-LENGTH DATA ELEMENTS--GENERAL INFORMATION
fixed length control field 200315b xxu||||| |||| 00| 0 eng d
020 ## - INTERNATIONAL STANDARD BOOK NUMBER
International Standard Book Number 9993315060
082 ## - DEWEY DECIMAL CLASSIFICATION NUMBER
Classification number 300/T486o
100 ## - MAIN ENTRY--PERSONAL NAME
Personal name Timothy, Chandra
245 ## - TITLE STATEMENT
Title Our social studies
Remainder of title Book 5
250 ## - EDITION STATEMENT
Edition statement 6th ed.
260 ## - PUBLICATION, DISTRIBUTION, ETC.
Place of publication, distribution, etc. Kathmandu:
Name of publisher, distributor, etc. Ekta Books Distributors,
Date of publication, distribution, etc. 1998.
300 ## - PHYSICAL DESCRIPTION
Extent 151p.;illus.
650 ## - SUBJECT ADDED ENTRY--TOPICAL TERM
Topical term or geographic name entry element Social studies
9 (RLIN) 3599
650 ## - SUBJECT ADDED ENTRY--TOPICAL TERM
Topical term or geographic name entry element Customs
650 ## - SUBJECT ADDED ENTRY--TOPICAL TERM
Topical term or geographic name entry element Cultural heritage
650 ## - SUBJECT ADDED ENTRY--TOPICAL TERM
Topical term or geographic name entry element Agriculture
700 ## - ADDED ENTRY--PERSONAL NAME
Personal name Upreti, Narayan P.
942 ## - ADDED ENTRY ELEMENTS (KOHA)
Source of classification or shelving scheme Dewey Decimal Classification
Koha item type ISBN
Holdings
Withdrawn status Lost status Source of classification or shelving scheme Damaged status Not for loan Home library Current library Date acquired Total Checkouts Full call number Barcode Date last seen Price effective from Koha item type
    Dewey Decimal Classification     Tribhuvan University Central Library Tribhuvan University Central Library 03/15/2020   300/T486o IS1060 03/15/2020 03/15/2020 ISBN